P.J. MEHTA'S PRACTICAL MEDICINE (Record no. 29007)

MARC details
000 -LEADER
fixed length control field 00359nam a22001577a 4500
003 - CONTROL NUMBER IDENTIFIER
control field SGT
082 ## - DEWEY DECIMAL CLASSIFICATION NUMBER
Classification number 610
Item number P23M
100 ## - MAIN ENTRY--PERSONAL NAME
Personal name MEHTA, PRADIP. J.
245 ## - TITLE STATEMENT
Title P.J. MEHTA'S PRACTICAL MEDICINE
250 ## - EDITION STATEMENT
Edition statement 22TH
260 ## - PUBLICATION, DISTRIBUTION, ETC. (IMPRINT)
Place of publication, distribution, etc MUMBAI
Name of publisher, distributor, etc NATIONAL BOOK DEPOT
Year of Publication 2023
300 ## - PAGE DESCRIPTION
No. of Pages 638
650 ## - SUBJECT ADDED ENTRY--TOPICAL TERM
Topical term or geographic name as entry element MEDICINE
653 ## - KEYWORDS--INDEX TERM
Keyword term PRACTICAL, MEDICINE
942 ## - ADDED ENTRY ELEMENTS (KOHA)
Source of classification or shelving scheme Dewey Decimal Classification
Koha item type Books
942 ## - ADDED ENTRY ELEMENTS (KOHA)
-- 10
Holdings
Withdrawn status Lost status Source of classification or shelving scheme Damaged status Not for loan Collection code Home library Current library Shelving location Date acquired Vendor Name Cost, normal purchase price SGTU Bill Number Total Checkouts Full call number Accession No. (Barcode) Date last seen Date last borrowed Bill Date Koha item type Use restrictions Total Renewals
    Dewey Decimal Classification     AYURVEDA SGT FA-FP Library SGT FA-FP Library Text Book 15/01/2025 AHUJA PUB. 1095.00 SGTU 19920 19 610 P23M FA12491 28/05/2026 13/05/2026 21/11/2024 Books    
    Dewey Decimal Classification     AYURVEDA SGT FA-FP Library SGT FA-FP Library Reference Book 15/01/2025 AHUJA PUB. 1095.00 SGTU 19920   610 P23M FA12492 15/01/2025   21/11/2024 Books Restricted Access  
    Dewey Decimal Classification     AYURVEDA SGT FA-FP Library SGT FA-FP Library Text Book 15/01/2025 AHUJA PUB. 1095.00 SGTU 19920 27 610 P23M FA12493 25/05/2026 11/05/2026 21/11/2024 Books    
    Dewey Decimal Classification     AYURVEDA SGT FA-FP Library SGT FA-FP Library Text Book 15/01/2025 AHUJA PUB. 1095.00 SGTU 19920 19 610 P23M FA12494 29/05/2026 19/05/2026 21/11/2024 Books    
    Dewey Decimal Classification     AYURVEDA SGT FA-FP Library SGT FA-FP Library Text Book 15/01/2025 AHUJA PUB. 1095.00 SGTU 19920 13 610 P23M FA12495 28/05/2026 19/05/2026 21/11/2024 Books   1